Estudios jurd̕icos sobre urbanismo una reflexin̤ prospectiva /

Detalles Bibliográficos
Autor principal: Pareja Lozano, Carles
Otros Autores: Galofr ̌Crespi, Jaume
Formato: Desconocido
Lenguaje:español
Publicado: Barcelona : Cedecs, 2004
Materias:
Acceso en línea:Acceso restringido

MARC

LEADER 00000ny a22000003n 4500
005 20110602150214.0
008 080611s2004 sp s 000 0 spa c
020 |a 8489171793 
035 |a 340 
040 |a UMA.RE  |d vLex 
080 |a 349.44(460)(0.034) 
090 |c 439  |d 439 
100 1 |a Pareja Lozano, Carles 
245 1 0 |a Estudios jurd̕icos sobre urbanismo  |h [Recurso electrn̤ico]  |b una reflexin̤ prospectiva /  |c Carles Pareja Lozano ; Jaume Galofr ̌Crespi  
256 |a Servicio en ln̕ea 
260 |a Barcelona :  |b Cedecs,  |c 2004 
300 |a p. ;  |c cm 
506 1 |a Contenido solo disponible en los productos indicados  |d vLex Global  |d vLex Global (Academic Edition, excluding Law Schools)  |d vLex Global (U.S. Academic Edition, Law Schools)  |d vLex Global (U.S. Academic Edition, excluding Law Schools)  |d vLex Global (Academic Edition, Law Schools) 
650 0 7 |a Urbanizaciones  |2 Tesauro vLex 
650 0 7 |a Inmobiliario y registral  |2 Tesauro vLex 
650 0 7 |a Urbanismo  |2 Tesauro vLex 
650 0 7 |a Derecho urbans̕tico  |2 Tesauro vLex 
700 1 |a Galofr ̌Crespi, Jaume 
740 0 |a vLex Libros (Servicios en ln̕ea) 
856 4 0 |u http://vlex.com/source/340  |z Acceso restringido 
942 |c BOOK 
999 0 |a City planning and redevelopment law  |b Barcelona